000 00751nam a22001817a 4500
999 _c371763
_d371763
008 201127b ||||| |||| 00| 0 eng d
040 _aDE-2950
_bger
_cDE-2950
_erda
041 _ager
245 _aWas Guben und Gubin besser machen.
_bStadtentwicklung. Unternehmensberater Markus Tolle empfiehlt Frankfurt und Slubice bei Ansiedlungen einen gemeinsamen Vermarktungsansatz/
_cHeinz Kannenberg
264 _c2022
653 _aFrankfurt (Oder)
653 _aStadtentwicklung
773 _dFrankfurt (Oder) Märkisches Verlags- und Druckhaus GmbH & Co KG
_tMärkische Oderzeitung
_g33. Jahrgang (2022) Nr. 170 vom 23./24.07.2022, S. 17; Foto
942 _cA